[Event "XLIV C.to Italiano"]
[Site "Arcidosso ITA"]
[Date "1985.03.??"]
[Round "6"]
[White "Ceschia, Ivano"]
[Black "Gervasi, Giancarlo"]
[Result "1-0"]
[WhiteElo "2215"]
[BlackElo "2245"]
[PlyCount "127"]
[EventDate "1985.03.23"]

1. e4 e5 2. Nc3 Nf6 3. g3 d5 4. exd5 Nxd5 5. Bg2 Nxc3 6. bxc3 Nc6 7. d3 Bc5 8.
Nf3 O-O 9. O-O Bg4 10. h3 Bh5 11. Qe1 Re8 12. Qe4 Bb6 13. Nh4 Qf6 14. a4 a5 15.
Rb1 Rad8 16. Kh2 g5 17. Qf5 Qxf5 18. Nxf5 Bg6 19. Ne3 e4 20. d4 Ne7 21. Rb5 f6
22. f3 Nc8 23. fxe4 Nd6 24. Nd5 Kg7 25. Nxf6 Nxb5 26. axb5 Rf8 27. Bxg5 h6 28.
Bh4 Ra8 29. Ra1 Rxf6 30. Bxf6+ Kxf6 31. e5+ Ke7 32. Bxb7 Rb8 33. Bd5 Bxc2 34.
Ra2 Bd3 35. c4 Re8 36. Rd2 Bb1 37. Kg2 h5 38. Kf2 Rf8+ 39. Ke3 Rf1 40. c5 Ba7
41. Rb2 Bf5 42. b6 cxb6 43. cxb6 Bb8 44. g4 hxg4 45. hxg4 Be6 46. Bxe6 Kxe6 47.
Rh2 a4 48. Ra2 Rb1 49. Rxa4 Rxb6 50. Ke4 Rb1 51. Ra6+ Ke7 52. Rh6 Kf7 53. Rh8
Kg6 54. Rg8+ Kf7 55. Rh8 Kg6 56. Rg8+ Kf7 57. Rc8 Kg6 58. Kd5 Ba7 59. e6 Re1
60. Kd6 Bxd4 61. e7 Kg5 62. e8=Q Rxe8 63. Rxe8 Bf6 64. Ke6 1-0

[Event "XLIV C.to Italiano"]
[Site "Arcidosso ITA"]
[Date "1985.03.??"]
[Round "6"]
[White "Vallifuoco, Giovanni"]
[Black "Lanzani, Mario"]
[Result "1-0"]
[WhiteElo "2120"]
[BlackElo "2215"]
[PlyCount "23"]
[EventDate "1985.03.23"]

1. Nf3 d5 2. d4 Nf6 3. c4 e6 4. Nc3 Be7 5. Bg5 Nbd7 6. cxd5 exd5 7. e3 c6 8.
Bd3 O-O 9. Qc2 Re8 10. O-O h6 11. Bf4 Nh5 12. Nxd5 1-0

[Event "XLIV C.to Italiano"]
[Site "Arcidosso ITA"]
[Date "1985.03.??"]
[Round "6"]
[White "Zichichi, Alvise"]
[Black "Sanna, Gianlazzaro"]
[Result "1-0"]
[WhiteElo "2360"]
[BlackElo "2365"]
[PlyCount "75"]
[EventDate "1985.03.23"]

1. d4 d5 2. c4 e6 3. Nc3 Nf6 4. cxd5 exd5 5. Bg5 Be7 6. e3 O-O 7. Qc2 Nbd7 8.
Bd3 Re8 9. Nf3 Nf8 10. O-O c6 11. Rae1 Ne4 12. Bxe7 Qxe7 13. Bxe4 dxe4 14. Nd2
b5 15. Ncxe4 Bf5 16. f3 Qe6 17. a3 Nd7 18. Qc3 Bxe4 19. fxe4 Rac8 20. b4 Qg6
21. Rf3 Nf6 22. e5 Ne4 23. Nxe4 Qxe4 24. Rf4 Qd5 25. Ref1 Rc7 26. R1f3 Rd8 27.
Qc2 a5 28. h4 axb4 29. axb4 h5 30. Qf5 g6 31. Qg5 Re8 32. Rf6 Kh7 33. Qg3 Ra7
34. e6 Rxe6 35. Rxf7+ Rxf7 36. Rxf7+ Kg8 37. Qc7 Rxe3 38. Rd7 1-0

[Event "XLIV C.to Italiano"]
[Site "Arcidosso ITA"]
[Date "1985.03.??"]
[Round "7"]
[White "Belotti, Bruno"]
[Black "Cocozza, Mario"]
[Result "1/2-1/2"]
[WhiteElo "2270"]
[BlackElo "2295"]
[PlyCount "44"]
[EventDate "1985.03.23"]

1. e4 c5 2. Nf3 e6 3. d4 cxd4 4. Nxd4 Nf6 5. Nc3 d6 6. f4 a6 7. Bd3 Nbd7 8. Nf3
Qc7 9. O-O b5 10. a3 Bb7 11. Qe1 Nc5 12. b4 Nxd3 13. cxd3 Be7 14. Be3 O-O 15.
h3 Rac8 16. Rc1 Qb8 17. Nd4 Nd7 18. Nb3 Rc7 19. Qd2 Bf6 20. Ne2 Rfc8 21. Rxc7
Rxc7 22. Rc1 Rxc1+ 1/2-1/2

[Event "XLIV C.to Italiano"]
[Site "Arcidosso ITA"]
[Date "1985.03.??"]
[Round "7"]
[White "Gervasi, Giancarlo"]
[Black "Martorelli, Antonio"]
[Result "1/2-1/2"]
[WhiteElo "2245"]
[BlackElo "2305"]
[PlyCount "21"]
[EventDate "1985.03.23"]

1. d4 Nf6 2. Nf3 g6 3. g3 Bg7 4. Bg2 O-O 5. O-O d6 6. b3 a5 7. a4 Nc6 8. Bb2 e5
9. dxe5 Ng4 10. Nbd2 Ngxe5 11. Rb1 1/2-1/2

[Event "XLIV C.to Italiano"]
[Site "Arcidosso ITA"]
[Date "1985.03.??"]
[Round "7"]
[White "Lanzani, Mario"]
[Black "Bellia, Fabrizio"]
[Result "1-0"]
[WhiteElo "2215"]
[BlackElo "2175"]
[PlyCount "91"]
[EventDate "1985.03.23"]

1. e4 e5 2. Bc4 Nf6 3. d4 exd4 4. Nf3 Nc6 5. e5 d5 6. Bb5 Ne4 7. Nxd4 Bd7 8.
Bxc6 bxc6 9. O-O Bc5 10. Be3 O-O 11. Nd2 Nxd2 12. Qxd2 f6 13. Nxc6 Bxc6 14.
Bxc5 Re8 15. exf6 Qxf6 16. Bd4 Qg6 17. Rfe1 a6 18. Qc3 Rab8 19. f3 Bd7 20. Qxc7
Bh3 21. Qg3 Qxg3 22. hxg3 Bf5 23. Rac1 Rxe1+ 24. Rxe1 Bxc2 25. Re7 Rb4 26. Bc3
Ra4 27. Rxg7+ Kf8 28. Rc7 Bg6 29. a3 Rc4 30. Rxc4 dxc4 31. Kf2 Be8 32. Ke3 Kf7
33. Kf4 Bc6 34. Kg5 Ba4 35. g4 Bc2 36. Kh6 Bd3 37. f4 Kg8 38. g5 Bc2 39. g4 Bd1
40. Kh5 Kf7 41. f5 Bf3 42. g6+ hxg6+ 43. fxg6+ Kg8 44. Kg5 Bd1 45. Kf5 Kf8 46.
g7+ 1-0

[Event "XLIV C.to Italiano"]
[Site "Arcidosso ITA"]
[Date "1985.03.??"]
[Round "7"]
[White "Messa, Roberto"]
[Black "Ceschia, Ivano"]
[Result "1-0"]
[WhiteElo "2285"]
[BlackElo "2215"]
[PlyCount "55"]
[EventDate "1985.03.23"]

1. e4 c5 2. Nf3 d6 3. d4 cxd4 4. Nxd4 Nf6 5. Nc3 Nc6 6. Be3 Ng4 7. Bb5 Nxe3 8.
fxe3 Bd7 9. O-O e6 10. Bxc6 bxc6 11. Qf3 Qe7 12. e5 d5 13. b4 g6 14. b5 c5 15.
e4 Bg7 16. exd5 O-O 17. Nc6 Bxc6 18. dxc6 Bxe5 19. Rae1 Bd4+ 20. Kh1 Rad8 21.
Ne4 Qh4 22. Nf6+ Bxf6 23. Qxf6 Qc4 24. Rd1 Rxd1 25. Rxd1 Qxb5 26. c7 Qe2 27.
Qd8 Qa6 28. Kg1 1-0

[Event "XLIV C.to Italiano"]
[Site "Arcidosso ITA"]
[Date "1985.03.??"]
[Round "7"]
[White "Sanna, Gianlazzaro"]
[Black "Vallifuoco, Giovanni"]
[Result "1/2-1/2"]
[WhiteElo "2365"]
[BlackElo "2120"]
[PlyCount "56"]
[EventDate "1985.03.23"]

1. d4 Nf6 2. c4 e6 3. Nc3 Bb4 4. Qc2 O-O 5. Nf3 b6 6. e4 d5 7. e5 Ne4 8. Bd3
Nd7 9. Bxe4 dxe4 10. Qxe4 Ba6 11. Ng5 f5 12. exf6 Nxf6 13. Qxe6+ Kh8 14. Be3
Qe8 15. O-O Qh5 16. Nce4 Rae8 17. Nxf6 Rxf6 18. Qh3 Qg6 19. Rac1 Bc8 20. Qh4 h6
21. Nh3 Bd6 22. Bd2 Rf3 23. Ng5 Rd3 24. Be3 Kg8 25. Nf3 Re4 26. Qd8+ Re8 27.
Qh4 Re4 28. Qd8+ Re8 1/2-1/2

[Event "XLIV C.to Italiano"]
[Site "Arcidosso ITA"]
[Date "1985.03.??"]
[Round "8"]
[White "Bruno, Fabio"]
[Black "Belotti, Bruno"]
[Result "1/2-1/2"]
[WhiteElo "2310"]
[BlackElo "2270"]
[PlyCount "50"]
[EventDate "1985.03.23"]

1. c4 Nf6 2. Nc3 c5 3. g3 e6 4. Nf3 b6 5. Bg2 Bb7 6. O-O Be7 7. d4 cxd4 8. Qxd4
d6 9. b3 Nbd7 10. Bb2 a6 11. Rad1 Qc7 12. Ng5 Bxg2 13. Kxg2 O-O 14. Nge4 Rfd8
15. Nxf6+ Nxf6 16. a4 Qc5 17. e4 Qxd4 18. Rxd4 Nd7 19. Ba3 Nc5 20. Bxc5 bxc5
21. Rd3 Rab8 22. Ne2 Rb6 23. f4 Rdb8 24. Rff3 Bf6 25. Kf2 Kf8 1/2-1/2

[Event "XLIV C.to Italiano"]
[Site "Arcidosso ITA"]
[Date "1985.03.??"]
[Round "8"]
[White "Ceschia, Ivano"]
[Black "Gallo, Enrico"]
[Result "1-0"]
[WhiteElo "2215"]
[BlackElo "2030"]
[PlyCount "31"]
[EventDate "1985.03.23"]

1. d4 Nf6 2. c4 c5 3. Nf3 g6 4. Nc3 Bg7 5. e4 cxd4 6. Nxd4 Nc6 7. Be3 O-O 8.
Be2 d6 9. f3 Qb6 10. Qd2 Nxe4 11. Nxc6 Bxc3 12. Nxe7+ Kg7 13. bxc3 Nxd2 14.
Bxb6 axb6 15. Kxd2 Be6 16. Nd5 1-0

[Event "XLIV C.to Italiano"]
[Site "Arcidosso ITA"]
[Date "1985.03.??"]
[Round "8"]
[White "Cocozza, Mario"]
[Black "Lanzani, Mario"]
[Result "1-0"]
[WhiteElo "2295"]
[BlackElo "2215"]
[PlyCount "67"]
[EventDate "1985.03.23"]

1. e4 e5 2. Nf3 Nc6 3. Bb5 a6 4. Ba4 Nf6 5. O-O Be7 6. Re1 b5 7. Bb3 O-O 8. a4
Bb7 9. d3 d6 10. Nc3 Nd4 11. Nxd4 exd4 12. Ne2 c5 13. Ng3 d5 14. e5 Ne8 15. Nf5
Kh8 16. Bd2 c4 17. Ba2 Bc5 18. Bb1 b4 19. Ba2 c3 20. Bc1 Qd7 21. Qf3 Qxa4 22.
bxc3 dxc3 23. d4 Ba7 24. Bg5 Qxc2 25. Bb1 Qb2 26. Ra2 Qb3 27. Nxg7 Nxg7 28. Bf6
Bxd4 29. Qd3 Qxb1 30. Rxb1 Bc5 31. Ra5 Rac8 32. h4 h6 33. Rxc5 Rxc5 34. Qe3
$136 1-0

[Event "XLIV C.to Italiano"]
[Site "Arcidosso ITA"]
[Date "1985.03.??"]
[Round "8"]
[White "Martorelli, Antonio"]
[Black "Messa, Roberto"]
[Result "1-0"]
[WhiteElo "2305"]
[BlackElo "2285"]
[PlyCount "111"]
[EventDate "1985.03.23"]

1. d4 d5 2. c4 e6 3. Nc3 c5 4. Nf3 Nc6 5. cxd5 exd5 6. e3 Nf6 7. Be2 a6 8. O-O
Bd6 9. dxc5 Bxc5 10. b3 O-O 11. Bb2 Ba7 12. Rc1 Qd6 13. Rc2 Rd8 14. Rd2 Be6 15.
Nxd5 Nxd5 16. e4 Qe7 17. exd5 Bxd5 18. Bd3 h6 19. Re1 Bxf3 20. gxf3 Qh4 21. Re4
Qh5 22. Kh1 Bd4 23. Bxd4 Nxd4 24. Bxa6 Rxa6 25. Rexd4 Rxd4 26. Rxd4 Rg6 27. Rg4
Rf6 28. Kg2 Qa5 29. Qd4 Qf5 30. Qe4 Qb5 31. Qe7 Re6 32. Qd8+ Re8 33. Qd4 g6 34.
h4 h5 35. Qa4 Qxa4 36. Rxa4 Re2 37. a3 Ra2 38. Kg3 Kg7 39. Kf4 b5 40. Ra5 b4
41. axb4 Rb2 42. Ra3 Kf6 43. b5 Ke6 44. b6 Kd6 45. b7 Kc7 46. Ra6 Rxb3 47. Rf6
Kxb7 48. Rxf7+ Kc6 49. Kg5 Kd6 50. Kxg6 Ke6 51. f4 Rf3 52. f5+ Ke5 53. Re7+ Kd6
54. Re2 Rf4 55. f6 Rxh4 56. f7 1-0

[Event "XLIV C.to Italiano"]
[Site "Arcidosso ITA"]
[Date "1985.03.??"]
[Round "8"]
[White "Vallifuoco, Giovanni"]
[Black "Bellia, Fabrizio"]
[Result "0-1"]
[WhiteElo "2120"]
[BlackElo "2175"]
[PlyCount "78"]
[EventDate "1985.03.23"]

1. d4 Nf6 2. c4 g6 3. Nc3 Bg7 4. e4 d6 5. f4 O-O 6. Nf3 c5 7. d5 e6 8. Be2 exd5
9. exd5 Re8 10. O-O Bf5 11. Bd3 Ne4 12. Nxe4 Bxe4 13. f5 Bxf3 14. Qxf3 Nd7 15.
Qg3 Be5 16. Qh3 Bd4+ 17. Kh1 Ne5 18. Bc2 Nxc4 19. Bh6 Ne3 20. fxg6 fxg6 21. Ba4
Nxf1 22. Bxe8 Qxe8 23. Rxf1 Qe7 24. Qe6+ Qxe6 25. dxe6 Re8 26. Rf7 b5 27. h4
Bxb2 28. Rxa7 Rxe6 29. Ra8+ Kf7 30. Kh2 c4 31. Rc8 Re4 32. Rc7+ Ke6 33. Kh3 Be5
34. Rb7 Rd4 35. h5 Rd3+ 36. Kh4 Rg3 37. Rxb5 Rxg2 38. hxg6 hxg6 39. a4 Kf5 0-1

[Event "XLIV C.to Italiano"]
[Site "Arcidosso ITA"]
[Date "1985.03.??"]
[Round "8"]
[White "Zichichi, Alvise"]
[Black "Gervasi, Giancarlo"]
[Result "1-0"]
[WhiteElo "2360"]
[BlackElo "2245"]
[PlyCount "81"]
[EventDate "1985.03.23"]

1. c4 b6 2. Nc3 Bb7 3. e4 e6 4. d3 c5 5. g3 Nf6 6. Bg2 Be7 7. Nge2 d6 8. O-O
Nc6 9. h3 O-O 10. d4 cxd4 11. Nxd4 Qd7 12. b3 a6 13. Bb2 b5 14. cxb5 Nxd4 15.
Qxd4 e5 16. Qd3 axb5 17. Rfd1 b4 18. Na4 Qc6 19. Qe3 Ba6 20. Qb6 Bb5 21. Rdc1
Qxb6 22. Nxb6 Ra6 23. Nc8 Bd8 24. a3 Ba5 25. axb4 Bxb4 26. Rxa6 Bxa6 27. Nxd6
Nd7 28. Rc6 Be2 29. Nc4 f6 30. Ba3 Rb8 31. Bxb4 Rxb4 32. Nd2 Rb6 33. Rc3 Nc5
34. Re3 Bd1 35. Bf1 Rb4 36. Bc4+ Kf8 37. Kf1 Ke7 38. Ke1 Bc2 39. f3 Rxc4 40.
bxc4 Nd3+ 41. Ke2 1-0

[Event "XLIV C.to Italiano"]
[Site "Arcidosso ITA"]
[Date "1985.03.??"]
[Round "9"]
[White "Bellia, Fabrizio"]
[Black "Cocozza, Mario"]
[Result "1/2-1/2"]
[WhiteElo "2175"]
[BlackElo "2295"]
[PlyCount "79"]
[EventDate "1985.03.23"]

1. e4 c5 2. Nf3 e6 3. d4 cxd4 4. Nxd4 Nf6 5. Nc3 d6 6. Be2 a6 7. f4 Qc7 8. O-O
Be7 9. Kh1 Nc6 10. Be3 O-O 11. Qe1 Bd7 12. Qg3 Kh8 13. Rae1 b5 14. a3 b4 15.
Nxc6 Bxc6 16. axb4 Nxe4 17. Nxe4 Bxe4 18. Bd4 Bg6 19. h4 Rg8 20. h5 Bf5 21. Bd3
Bxd3 22. Qxd3 h6 23. c4 Qb7 24. Bc3 Rac8 25. b3 Bf6 26. Bxf6 gxf6 27. Re2 Qxb4
28. Qd4 Rg7 29. Qxf6 Kh7 30. f5 Qc5 31. Ref2 Rcg8 32. fxe6 Qxh5+ 33. Kg1 fxe6
34. Qxe6 Qc5 35. Kh1 Qh5+ 36. Qh3 Qxh3+ 37. gxh3 Rg3 38. Rf7+ R8g7 39. R7f3 h5
40. Kh2 1/2-1/2

[Event "XLIV C.to Italiano"]
[Site "Arcidosso ITA"]
[Date "1985.03.??"]
[Round "9"]
[White "Gervasi, Giancarlo"]
[Black "Sanna, Gianlazzaro"]
[Result "1/2-1/2"]
[WhiteElo "2245"]
[BlackElo "2365"]
[PlyCount "59"]
[EventDate "1985.03.23"]

1. d4 d5 2. c4 e6 3. Nc3 Nf6 4. cxd5 exd5 5. Bg5 Be7 6. Qc2 O-O 7. e3 Nbd7 8.
Nf3 Re8 9. Bd3 Nf8 10. O-O c6 11. Rab1 Bd6 12. Bh4 Bg4 13. Nd2 Bd7 14. Bg3 Bxg3
15. hxg3 Ng4 16. Bf5 Qg5 17. Bxd7 Nxd7 18. Nf3 Qe7 19. b4 a6 20. a4 Nb6 21. b5
axb5 22. axb5 Nc4 23. Rbe1 Nf6 24. bxc6 bxc6 25. Ra1 Nxe3 26. fxe3 Qxe3+ 27.
Kh1 Qh6+ 28. Kg1 Qe3+ 29. Kh1 Qh6+ 30. Kg1 1/2-1/2

[Event "XLIV C.to Italiano"]
[Site "Arcidosso ITA"]
[Date "1985.03.??"]
[Round "9"]
[White "Mantovani, Renzo"]
[Black "Vallifuoco, Giovanni"]
[Result "0-1"]
[WhiteElo "2230"]
[BlackElo "2120"]
[PlyCount "98"]
[EventDate "1985.03.23"]

1. e4 c5 2. Nf3 d6 3. d4 cxd4 4. Nxd4 Nf6 5. Nc3 Nc6 6. g3 g6 7. Bg2 Nxd4 8.
Qxd4 Bg7 9. O-O O-O 10. a4 Be6 11. Qd1 Qd7 12. Re1 Rfc8 13. Nd5 Nxd5 14. exd5
Bf5 15. c3 Rc7 16. Bg5 Re8 17. Be3 b5 18. Bf3 h5 19. Bc1 b4 20. Be2 Rb8 21. Bb5
Rxb5 22. axb5 bxc3 23. Qb3 Bd3 24. b6 axb6 25. Ra8+ Kh7 26. bxc3 Bc4 27. Qd1
Qf5 28. Re8 Bxd5 29. R8xe7 Rxc3 30. R1e3 Bf3 31. Qxf3 Qxf3 32. Rxf3 Rxf3 33.
Be3 b5 34. Rd7 b4 35. Rxd6 b3 36. Rb6 b2 37. Kf1 Rf5 38. Ke2 Ra5 39. Kd3 Ra6
40. Kc2 Rxb6 41. Bxb6 g5 42. f3 g4 43. fxg4 hxg4 44. Bc5 Kg6 45. Ba3 Kf5 46.
Bxb2 Bxb2 47. Kxb2 Ke4 48. Kc3 Kf3 49. Kd4 Kg2 0-1

[Event "XLIV C.to Italiano"]
[Site "Arcidosso ITA"]
[Date "1985.03.??"]
[Round "10"]
[White "Ceschia, Ivano"]
[Black "Lanzani, Mario"]
[Result "1-0"]
[WhiteElo "2215"]
[BlackElo "2215"]
[PlyCount "29"]
[EventDate "1985.03.23"]

1. e4 e5 2. Nc3 Nc6 3. g3 h5 4. Nf3 h4 5. Nxh4 Rxh4 6. gxh4 Qxh4 7. Bg2 Bc5 8.
O-O Nf6 9. Qf3 d6 10. Qg3 Qh7 11. d3 Nd4 12. Be3 Nh5 13. Qh4 f6 14. Nd5 Kf8 15.
Bxd4 1-0

[Event "XLIV C.to Italiano"]
[Site "Arcidosso ITA"]
[Date "1985.03.??"]
[Round "10"]
[White "Martorelli, Antonio"]
[Black "Belotti, Bruno"]
[Result "1-0"]
[WhiteElo "2305"]
[BlackElo "2270"]
[PlyCount "57"]
[EventDate "1985.03.23"]

1. e4 c5 2. Nf3 d6 3. d4 cxd4 4. Nxd4 Nf6 5. Nc3 Nc6 6. Bc4 Qb6 7. Nb3 e6 8.
O-O a6 9. a4 Na5 10. Be3 Qc7 11. Nxa5 Qxa5 12. f3 Bd7 13. Qd2 Bc6 14. Rfd1 Be7
15. Bb3 h5 16. Qf2 h4 17. Bb6 Qe5 18. a5 Rc8 19. Re1 Qh5 20. Ba4 g5 21. e5 dxe5
22. Bc5 h3 23. Bxe7 hxg2 24. Qxg2 Kxe7 25. Bxc6 Rxc6 26. Rxe5 Rg8 27. Rd1 Qh4
28. Ne4 g4 29. Ng3 1-0

[Event "XLIV C.to Italiano"]
[Site "Arcidosso ITA"]
[Date "1985.03.??"]
[Round "10"]
[White "Mantovani, Renzo"]
[Black "Gervasi, Giancarlo"]
[Result "0-1"]
[WhiteElo "2230"]
[BlackElo "2245"]
[PlyCount "190"]
[EventDate "1985.03.23"]

1. e4 e5 2. Nf3 Nf6 3. Nc3 Bb4 4. a3 Bxc3 5. dxc3 d6 6. Bd3 Nbd7 7. Be3 Qe7 8.
Qe2 Nc5 9. Bxc5 dxc5 10. Nd2 Be6 11. f3 a6 12. a4 O-O 13. a5 Ne8 14. Nf1 Nd6
15. Ne3 Qh4+ 16. g3 Qh3 17. O-O-O Rfb8 18. Rd2 b6 19. axb6 Rxb6 20. Rhd1 a5 21.
Bc4 Rab8 22. b3 a4 23. Nd5 Bxd5 24. Rxd5 Qh6+ 25. Kb1 axb3 26. Bxb3 Qe6 27. c4
Nb7 28. Qd2 h6 29. Kc1 Rb4 30. Qc3 f6 31. Qe3 Kh7 32. R1d3 Qh3 33. f4 exf4 34.
gxf4 Qxh2 35. e5 f5 36. Qg3 Qxg3 37. Rxg3 Rd8 38. Rgd3 Rxd5 39. Rxd5 Na5 40.
Rxc5 Rxb3 41. Rxa5 Rf3 42. e6 Re3 43. Rxf5 Rxe6 44. Rc5 Re7 45. Kd2 Kg6 46. Kd3
Kf6 47. Rh5 Kg6 48. Rc5 Kf7 49. Kd4 g6 50. Rc6 Kg7 51. Ra6 h5 52. Kd5 h4 53. c5
Re8 54. c4 h3 55. Ra2 Kf6 56. Rh2 Rh8 57. Ke4 c6 58. Kf3 Kf5 59. Kg3 Ra8 60.
Rf2 Ra3+ 61. Kh2 Rc3 62. Rf1 Rxc4 63. Kxh3 Rxf4 64. Rc1 Ke5 65. Rd1 Rd4 66. Rg1
Kf5 67. Rc1 Rd6 68. Rc4 Ke5 69. Kg2 Rd4 70. Rc3 Kd5 71. Kf2 g5 72. Rc1 Rc4 73.
Rg1 g4 74. Ke3 Kxc5 75. Kd3 Ra4 76. Kd2 Kd5 77. Rh1 g3 78. Rh5+ Kc4 79. Rg5
Ra2+ 80. Ke3 g2 81. Rg8 c5 82. Rg7 Kc3 83. Rg8 c4 84. Rg7 Ra7 85. Rxg2 Re7+ 86.
Kf2 Kb3 87. Rg8 c3 88. Rc8 Kc2 89. Rb8 Kc1 90. Rc8 c2 91. Rb8 Re5 92. Rb7 Kd2
93. Rd7+ Kc3 94. Rc7+ Kd3 95. Rc8 Re4 0-1

[Event "XLIV C.to Italiano"]
[Site "Arcidosso ITA"]
[Date "1985.03.??"]
[Round "10"]
[White "Sanna, Gianlazzaro"]
[Black "Messa, Roberto"]
[Result "1-0"]
[WhiteElo "2365"]
[BlackElo "2285"]
[PlyCount "80"]
[EventDate "1985.03.23"]

1. d4 d5 2. c4 e6 3. Nc3 c5 4. cxd5 exd5 5. Nf3 Nc6 6. g3 Nf6 7. Bg2 Be7 8. O-O
O-O 9. Bg5 cxd4 10. Nxd4 Re8 11. Rc1 h6 12. Bf4 Bg4 13. h3 Be6 14. Nxe6 fxe6
15. e4 d4 16. e5 dxc3 17. exf6 Bxf6 18. bxc3 Rc8 19. Qa4 Qe7 20. Rfe1 a6 21. h4
Qf7 22. Bh3 Rcd8 23. Re4 Rd5 24. Qc2 e5 25. Be3 Kh8 26. Ra4 Red8 27. Bg2 R5d6
28. Qe4 Qd7 29. Ra3 Be7 30. Rb3 b5 31. Rbb1 Na5 32. Bf1 Bf6 33. a4 Nc4 34. Bxc4
bxc4 35. Qxc4 Rc8 36. Qe4 Rd3 37. Rb7 Qc6 38. Qxc6 Rxc6 39. Rb6 Rxb6 40. Bxb6
Kg8 1-0

[Event "XLIV C.to Italiano"]
[Site "Arcidosso ITA"]
[Date "1985.03.??"]
[Round "10"]
[White "Vallifuoco, Giovanni"]
[Black "Cocozza, Mario"]
[Result "0-1"]
[WhiteElo "2120"]
[BlackElo "2295"]
[PlyCount "66"]
[EventDate "1985.03.23"]

1. d4 Nf6 2. c4 e6 3. Nc3 Bb4 4. e3 c5 5. Bd3 Nc6 6. Nge2 d5 7. a3 cxd4 8. exd4
Be7 9. cxd5 Nxd5 10. O-O O-O 11. Bc2 Nxc3 12. bxc3 Bf6 13. Qd3 g6 14. Bh6 Re8
15. f4 b6 16. Ba4 Bb7 17. Ng3 Qd5 18. Ne4 Bh8 19. Rae1 a6 20. Qh3 b5 21. Bc2
Ne7 22. Nc5 Bc6 23. Re5 Qd6 24. Rfe1 Bd5 25. Qh4 Qc6 26. Ne4 Nf5 27. Nf6+ Bxf6
28. Qxf6 Nxh6 29. Rg5 Qxc3 30. Re2 Nf5 31. Bxf5 Qc1+ 32. Kf2 Qxf4+ 33. Kg1
33... exf5 $136 0-1

[Event "XLIV C.to Italiano"]
[Site "Arcidosso ITA"]
[Date "1985.03.??"]
[Round "10"]
[White "Zichichi, Alvise"]
[Black "Gallo, Enrico"]
[Result "1-0"]
[WhiteElo "2360"]
[BlackElo "2030"]
[PlyCount "93"]
[EventDate "1985.03.23"]

1. d4 Nf6 2. Nf3 g6 3. c4 c5 4. Nc3 Bg7 5. e4 cxd4 6. Nxd4 d6 7. Be2 Nc6 8. Nb3
O-O 9. Be3 Be6 10. f3 Rc8 11. Nd5 Bxd5 12. cxd5 Nb4 13. Rc1 Rxc1 14. Nxc1 Qa5
15. O-O Nxa2 16. Qb3 Nxc1 17. Rxc1 Nd7 18. Qb5 Qxb5 19. Bxb5 Nc5 20. b4 a6 21.
bxc5 axb5 22. Rb1 dxc5 23. Bxc5 Bf6 24. e5 Bg5 25. f4 Bxf4 26. Bxe7 Bxe5 27.
Bxf8 Kxf8 28. Rxb5 b6 29. Kf1 Bd4 30. Rb4 Bc5 31. Re4 f5 32. Re6 Kf7 33. Ke2 g5
34. h3 h5 35. h4 gxh4 36. Kf3 Bd4 37. Kf4 b5 38. Kxf5 b4 39. Re4 Bc5 40. Rc4
Bd6 41. Rc1 Ke7 42. Ke4 Kd7 43. Kd4 Be7 44. Kc4 h3 45. gxh3 h4 46. Rg1 Bd6 47.
Ra1 1-0

[Event "XLIV C.to Italiano"]
[Site "Arcidosso ITA"]
[Date "1985.03.??"]
[Round "11"]
[White "Bellia, Fabrizio"]
[Black "Ceschia, Ivano"]
[Result "1-0"]
[WhiteElo "2175"]
[BlackElo "2215"]
[PlyCount "97"]
[EventDate "1985.03.23"]

1. e4 c5 2. Nf3 d6 3. d4 cxd4 4. Nxd4 Nf6 5. Nc3 Nc6 6. h3 g6 7. g3 Nxd4 8.
Qxd4 Bg7 9. Bg2 O-O 10. O-O Be6 11. Qd1 Rc8 12. a4 Rc4 13. Re1 Qc8 14. Kh2 a6
15. a5 Rc5 16. g4 Qc7 17. Nd5 Bxd5 18. exd5 Rxc2 19. Rxe7 Qxe7 20. Qxc2 Re8 21.
Bf4 Nd7 22. Be3 Nc5 23. Rb1 Ne4 24. Kh1 f5 25. Re1 Qd7 26. Bb6 Rc8 27. Qe2 Qb5
28. Bxe4 Qxe2 29. Rxe2 fxe4 30. Rxe4 Kf7 31. Be3 Rc2 32. b3 Bf6 33. Kg2 Be5 34.
Rc4 Rxc4 35. bxc4 Bc3 36. Bb6 Kf6 37. f4 Kf7 38. Kf3 Bb4 39. Ke4 Bc3 40. f5
gxf5+ 41. Kxf5 Bb4 42. g5 Be1 43. Kg4 Kg6 44. h4 h5+ 45. gxh6 Kxh6 46. c5 dxc5
47. d6 Bc3 48. d7 Bf6 49. Bxc5 1-0

[Event "XLIV C.to Italiano"]
[Site "Arcidosso ITA"]
[Date "1985.03.??"]
[Round "11"]
[White "Belotti, Bruno"]
[Black "Zichichi, Alvise"]
[Result "0-1"]
[WhiteElo "2270"]
[BlackElo "2360"]
[PlyCount "150"]
[EventDate "1985.03.23"]

1. e4 c5 2. Nf3 e6 3. d3 Nc6 4. g3 d5 5. Nbd2 g6 6. Bg2 Bg7 7. O-O Nge7 8. Re1
O-O 9. e5 Qc7 10. Qe2 a5 11. h4 a4 12. a3 b5 13. Nf1 d4 14. N1h2 Nd5 15. h5 Ra7
16. Ng4 gxh5 17. Nf6+ Nxf6 18. exf6 Bxf6 19. Nd2 Nd8 20. Qxh5 Bg7 21. Ne4 f5
22. Ng5 h6 23. Nh3 Qf7 24. Qh4 Qf6 25. Qh5 Bb7 26. Nf4 Bxg2 27. Kxg2 e5 28. Ng6
Qf7 29. Rh1 Re8 30. Bxh6 Re6 31. Bxg7 Qxg7 32. Qh8+ Qxh8 33. Rxh8+ Kg7 34. Rxd8
Kxg6 35. Rc8 c4 36. dxc4 bxc4 37. Rxc4 Rb7 38. Rb1 Reb6 39. Rxa4 Rxb2 40. Rxb2
Rxb2 41. Rc4 Kf6 42. Kh3 Ra2 43. a4 Ke6 44. g4 Ra3+ 45. Kh4 Rf3 46. gxf5+ Kxf5
47. Rc8 Ke4 48. a5 Ra3 49. Rc5 Kf4 50. Rd5 Rc3 51. a6 Rxc2 52. Ra5 Rc8 53. Kh5
e4 54. a7 Ra8 55. Ra3 d3 56. Ra2 Kf5 57. Kh4 Kf4 58. Kh3 Kf3 59. Kh2 d2 60.
Rxd2 Rxa7 61. Rb2 Ra1 62. Rb8 Kxf2 63. Rf8+ Ke2 64. Kg2 Ra7 65. Rf2+ Kd3 66.
Rf8 Ra2+ 67. Kf1 Ra1+ 68. Kg2 Ra2+ 69. Kf1 Ra1+ 70. Kg2 e3 71. Rd8+ Ke2 72. Rb8
Ke1 73. Kf3 e2 74. Kg2 Kd1 75. Rd8+ Kc2 0-1

[Event "XLIV C.to Italiano"]
[Site "Arcidosso ITA"]
[Date "1985.03.??"]
[Round "11"]
[White "Cocozza, Mario"]
[Black "Bruno, Fabio"]
[Result "1-0"]
[WhiteElo "2295"]
[BlackElo "2310"]
[PlyCount "81"]
[EventDate "1985.03.23"]

1. e4 e5 2. Nf3 d6 3. d4 Nd7 4. Bc4 Be7 5. dxe5 Nc5 6. exd6 Nxe4 7. dxe7 Qxd1+
8. Kxd1 Nxf2+ 9. Ke2 Nxh1 10. Nc3 c6 11. Bf4 Nxe7 12. Rxh1 O-O 13. Kf2 Bf5 14.
Bd6 Rfe8 15. Re1 Nd5 16. Rxe8+ Rxe8 17. Nxd5 cxd5 18. Bb3 h6 19. Nd4 Be4 20.
Nb5 Re6 21. Bg3 Rf6+ 22. Kg1 h5 23. Nc3 Rf5 24. h4 g5 25. Ne2 gxh4 26. Bxh4 Re5
27. Nc3 Kf8 28. Nb5 f5 29. Nd6 b6 30. Bg3 Re6 31. Nxe4 Rxe4 32. Bxd5 Rd4 33.
Bd6+ Ke8 34. c4 Rd2 35. Be5 Kd7 36. Bc3 Rd3 37. Kf2 h4 38. Ke2 Rg3 39. Be1 Rg4
40. b3 Kd6 41. Bf3 1-0

[Event "XLIV C.to Italiano"]
[Site "Arcidosso ITA"]
[Date "1985.03.??"]
[Round "11"]
[White "Gervasi, Giancarlo"]
[Black "Vallifuoco, Giovanni"]
[Result "1-0"]
[WhiteElo "2245"]
[BlackElo "2120"]
[PlyCount "129"]
[EventDate "1985.03.23"]

1. d4 d5 2. Nc3 Nf6 3. Bg5 Nbd7 4. f3 e6 5. e4 Be7 6. Qd2 c6 7. Nge2 h6 8. Bf4
dxe4 9. fxe4 Bb4 10. Qd3 Qa5 11. e5 Nd5 12. Bd2 c5 13. Nxd5 Bxd2+ 14. Qxd2
Qxd2+ 15. Kxd2 exd5 16. c3 cxd4 17. cxd4 Nb6 18. Nf4 Bd7 19. Rc1 O-O 20. Be2
Rfc8 21. b3 Kf8 22. Rc5 Bc6 23. Rhc1 Re8 24. a4 Rad8 25. Bb5 Nd7 26. Rxc6 bxc6
27. Bxc6 g5 28. Nxd5 Nxe5 29. dxe5 Rxe5 30. Rc5 Rd6 31. Kc3 Rxc6 32. Rxc6 Rxd5
33. Rxh6 Rf5 34. Rd6 Rc5+ 35. Kd3 Rc1 36. Ke2 Rb1 37. Rd3 Ke7 38. Kf3 f5 39.
Kg3 Ke6 40. h4 gxh4+ 41. Kxh4 Ke5 42. Kg5 Ke4 43. Rd7 Rxb3 44. Re7+ Kd5 45.
Kxf5 Rg3 46. Re2 Ra3 47. Re4 Rg3 48. Rg4 Ra3 49. Kg5 Kc5 50. Kh4 a5 51. Rf4 Rb3
52. g4 Rb4 53. Kg5 Rb6 54. Kf5 Kd6 55. g5 Ke7 56. Re4+ Kf7 57. Re5 Rb1 58. Rxa5
Rf1+ 59. Ke4 Kg6 60. Rd5 Ra1 61. a5 Kf7 62. Ke5 Ke7 63. Rb5 Kd7 64. Kf6 Kc6 65.
Rf5 1-0